Beginning components for ASP (Record no. 301269)
[ view plain ]
| 000 -LEADER | |
|---|---|
| fixed length control field | 00320 a2200121 4500 |
| 001 - CONTROL NUMBER | |
| control field | 66196 |
| 082 ## - DEWEY DECIMAL CLASSIFICATION NUMBER | |
| Classification number | 005.133 AND |
| 090 ## - LOCALLY ASSIGNED LC-TYPE CALL NUMBER (OCLC); LOCAL CALL NUMBER (RLIN) | |
| -- | 38485 |
| -- | 38485 |
| 100 ## - MAIN ENTRY--PERSONAL NAME | |
| Personal name | Anderson, Richard |
| 245 ## - TITLE STATEMENT | |
| Title | Beginning components for ASP |
| 260 ## - PUBLICATION, DISTRIBUTION, ETC. | |
| Place of publication, distribution, etc. | Mumbai, India |
| Name of publisher, distributor, etc. | Shroff Publishers & Distributors PVT. |
| Date of publication, distribution, etc. | 1999 |
| 300 ## - PHYSICAL DESCRIPTION | |
| Extent | xxv, 831p. |
| 942 ## - ADDED ENTRY ELEMENTS (KOHA) | |
| Institution code [OBSOLETE] | NUST-CAE |
| Call number prefix | 005.133 AND |
| Withdrawn status | Lost status | Damaged status | Not for loan | Collection code | Permanent Location | Current Location | Date acquired | Total Checkouts | Full call number | Barcode | Date last seen | Price effective from | Koha item type |
|---|---|---|---|---|---|---|---|---|---|---|---|---|---|
| College of Aeronautical Engineering (CAE) | College of Aeronautical Engineering (CAE) | 04/03/2017 | 005.133 AND | CAEN-795 | 04/05/2017 | 04/05/2017 | Book |
